000 01231nam a2200313 a 4500
001 ebr10017206
003 CaPaEBR
006 m u
007 cr cn|||||||||
008 950321s1995 enk sb 001 0 eng
010 _z 95014403
020 _z0415126266
040 _aCaPaEBR
_cCaPaEBR
035 _a(OCoLC)70765888
050 1 4 _aPN3433.6
_b.C53 1995eb
082 0 4 _a809.3/87620938
_220
100 1 _aClark, Stephen R. L.
245 1 0 _aHow to live forever
_h[electronic resource] :
_bscience fiction and philosophy /
_cStephen R. L. Clark.
260 _aLondon ;
_aNew York :
_bRoutledge,
_c1995.
300 _avii, 223 p.
504 _aIncludes bibliographical references (p. [200]-211) and index.
533 _aElectronic reproduction.
_bPalo Alto, Calif. :
_cebrary,
_d2013.
_nAvailable via World Wide Web.
_nAccess may be limited to ebrary affiliated libraries.
650 0 _aLiterature
_xPhilosophy.
650 0 _aScience fiction
_xHistory and criticism.
650 0 _aImmortality in literature.
655 7 _aElectronic books.
_2local
710 2 _aebrary, Inc.
856 4 0 _uhttp://site.ebrary.com/lib/rucke/Doc?id=10017206
_zAn electronic book accessible through the World Wide Web; click to view
999 _c29036
_d29036